| 000 | 00705nam a2200241Ia 4500 | ||
|---|---|---|---|
| 003 | OSt | ||
| 005 | 20220925235323.0 | ||
| 006 | a|||||r|||| 00| 0 | ||
| 007 | ta | ||
| 008 | 220923b |||||||| |||| 00| 0 eng d | ||
| 037 | _cGeneral Book | ||
| 040 |
_aRTL _cRTL _beng |
||
| 041 |
_2eng _aeng |
||
| 082 | _aY9(W)-33.252EJ.N8, M7 | ||
| 100 |
_aHussain Mohamed Ahmad _9301193 |
||
| 245 | 0 | _aUrban politics in India | |
| 260 |
_a New Delhi _bCriterion Publications _c1987 |
||
| 300 |
_aix,230p _ccm. |
||
| 500 | _aBibliography: p 219-227 | ||
| 650 | _aPolitical Sociology | ||
| 942 |
_hY9(W)-33.252EJ.N8, M7 _cGB _2CC |
||
| 999 |
_c597129 _d597129 |
||